<?xml version="1.0" encoding="UTF-8"?>
<record
    xmlns:xsi="http://www.w3.org/2001/XMLSchema-instance"
    xsi:schemaLocation="http://www.loc.gov/MARC21/slim http://www.loc.gov/standards/marcxml/schema/MARC21slim.xsd"
    xmlns="http://www.loc.gov/MARC21/slim">

  <leader>01255nam0a22002651  4500</leader>
  <controlfield tag="001">rc\3164192</controlfield>
  <controlfield tag="005">20260406211356.0</controlfield>
  <datafield tag="021" ind1=" " ind2=" ">
    <subfield code="a">RU</subfield>
    <subfield code="b">&#x420;&#x433;14178-76</subfield>
  </datafield>
  <datafield tag="021" ind1=" " ind2=" ">
    <subfield code="a">RU</subfield>
    <subfield code="b">76-69306</subfield>
  </datafield>
  <datafield tag="035" ind1=" " ind2=" ">
    <subfield code="a">(NLR Aleph) 007304266</subfield>
  </datafield>
  <datafield tag="090" ind1=" " ind2=" ">
    <subfield code="a">5742807</subfield>
    <subfield code="c">5742807</subfield>
  </datafield>
  <datafield tag="100" ind1=" " ind2=" ">
    <subfield code="a">20120615d1976    |||y0rusy50      ca</subfield>
  </datafield>
  <datafield tag="101" ind1="0" ind2=" ">
    <subfield code="a">rus</subfield>
  </datafield>
  <datafield tag="102" ind1=" " ind2=" ">
    <subfield code="a">RU</subfield>
  </datafield>
  <datafield tag="105" ind1=" " ind2=" ">
    <subfield code="a">y   z   |||||</subfield>
  </datafield>
  <datafield tag="200" ind1="1" ind2=" ">
    <subfield code="a">&#x41E;&#x440;&#x433;&#x430;&#x43D;&#x438;&#x437;&#x430;&#x446;&#x438;&#x44F; &#x43A;&#x43E;&#x43C;&#x43F;&#x43B;&#x435;&#x43A;&#x441;&#x43D;&#x43E;&#x439; &#x430;&#x432;&#x442;&#x43E;&#x43C;&#x430;&#x442;&#x438;&#x437;&#x438;&#x440;&#x43E;&#x432;&#x430;&#x43D;&#x43D;&#x43E;&#x439; &#x441;&#x438;&#x441;&#x442;&#x435;&#x43C;&#x44B; &#x441;&#x431;&#x43E;&#x440;&#x430;, &#x43D;&#x430;&#x43A;&#x43E;&#x43F;&#x43B;&#x435;&#x43D;&#x438;&#x44F; &#x438; &#x43E;&#x431;&#x43D;&#x43E;&#x432;&#x43B;&#x435;&#x43D;&#x438;&#x44F; &#x43D;&#x43E;&#x440;&#x43C; &#x438; &#x43D;&#x43E;&#x440;&#x43C;&#x430;&#x442;&#x438;&#x432;&#x43E;&#x432; (&#x41A;&#x410;&#x421;&#x41D;) &#x432; &#x443;&#x433;&#x43E;&#x43B;&#x44C;&#x43D;&#x43E;&#x439; &#x43F;&#x440;&#x43E;&#x43C;&#x44B;&#x448;&#x43B;&#x435;&#x43D;&#x43D;&#x43E;&#x441;&#x442;&#x438; &#x421;&#x421;&#x421;&#x420;</subfield>
    <subfield code="e">&#x420;&#x430;&#x431;&#x43E;&#x447;&#x438;&#x439; &#x43F;&#x440;&#x43E;&#x435;&#x43A;&#x442; (1-&#x44F; &#x43E;&#x447;&#x435;&#x440;&#x435;&#x434;&#x44C;)</subfield>
    <subfield code="e">&#x423;&#x442;&#x432;. 10/XII 1975 &#x433;.</subfield>
    <subfield code="f">&#x41C;-&#x432;&#x43E; &#x443;&#x433;&#x43E;&#x43B;&#x44C;&#x43D;&#x43E;&#x439; &#x43F;&#x440;&#x43E;&#x43C;-&#x441;&#x442;&#x438; &#x421;&#x421;&#x421;&#x420;. &#x423;&#x43F;&#x440;. &#x432;&#x44B;&#x447;&#x438;&#x441;&#x43B;. &#x442;&#x435;&#x445;&#x43D;&#x438;&#x43A;&#x438; &#x438; &#x43E;&#x440;&#x433;&#x430;&#x43D;&#x438;&#x437;&#x430;&#x446;. &#x441;&#x442;&#x440;&#x443;&#x43A;&#x442;&#x443;&#x440;. &#x412;&#x41D;&#x418;&#x418; &#x443;&#x43F;&#x440;. &#x443;&#x433;&#x43E;&#x43B;&#x44C;&#x43D;&#x43E;&#x439; &#x43F;&#x440;&#x43E;&#x43C;-&#x441;&#x442;&#x438;. &#x412;&#x41D;&#x418;&#x418;&#x423;&#x433;&#x43E;&#x43B;&#x44C;</subfield>
  </datafield>
  <datafield tag="210" ind1=" " ind2=" ">
    <subfield code="a">&#x418;&#x43B;&#x44C;&#x438;&#x43D;&#x441;&#x43A;&#x43E;&#x435;</subfield>
    <subfield code="c">&#x411;. &#x438;.</subfield>
    <subfield code="d">1976</subfield>
  </datafield>
  <datafield tag="215" ind1=" " ind2=" ">
    <subfield code="a">297 &#x441;.</subfield>
    <subfield code="d">22</subfield>
  </datafield>
  <datafield tag="320" ind1=" " ind2=" ">
    <subfield code="a">&#x411;&#x438;&#x431;&#x43B;&#x438;&#x43E;&#x433;&#x440;.: &#x441;. 296-297</subfield>
  </datafield>
  <datafield tag="712" ind1="0" ind2="2">
    <subfield code="a">&#x412;&#x41D;&#x418;&#x418; &#x443;&#x43F;&#x440;. &#x443;&#x433;&#x43E;&#x43B;&#x44C;&#x43D;&#x43E;&#x439; &#x43F;&#x440;&#x43E;&#x43C;&#x44B;&#x448;&#x43B;&#x435;&#x43D;&#x43D;&#x43E;&#x441;&#x442;&#x438;</subfield>
    <subfield code="3">RU\NLR\AUTH\889968481</subfield>
    <subfield code="9">433367</subfield>
  </datafield>
  <datafield tag="801" ind1=" " ind2="0">
    <subfield code="a">RU</subfield>
    <subfield code="b">NLR</subfield>
    <subfield code="g">psbo</subfield>
  </datafield>
  <datafield tag="801" ind1=" " ind2="1">
    <subfield code="a">RU</subfield>
    <subfield code="b">ELAR</subfield>
    <subfield code="2">rusmarc</subfield>
  </datafield>
  <datafield tag="852" ind1=" " ind2=" ">
    <subfield code="a">NLR</subfield>
    <subfield code="j">76-5/4385</subfield>
  </datafield>
  <datafield tag="942" ind1=" " ind2=" ">
    <subfield code="c">BOOK</subfield>
  </datafield>
  <datafield tag="980" ind1=" " ind2=" ">
    <subfield code="a">NB</subfield>
  </datafield>
  <datafield tag="995" ind1=" " ind2=" ">
    <subfield code="5">2013-10-26</subfield>
    <subfield code="b">NLR01</subfield>
    <subfield code="c">NLR01</subfield>
    <subfield code="e">RF91</subfield>
    <subfield code="f">7304266-10</subfield>
    <subfield code="k">76-5/4385</subfield>
    <subfield code="o">0</subfield>
    <subfield code="r">BOOK</subfield>
    <subfield code="s">7654385_</subfield>
  </datafield>
</record>
